00719nam a2200181Ia 4500999001700000041001200017082001200029100009900041245009000140260006700230300001100297536004600308546001200354650001600366650001900382942001200401952012400413 c27321d27321 aEnglish aRL.0051 aLal, HarbansuCSK Himachal Pradesh krishi vishvavidyalaya PalampurvPalampur, Himachal Pradesh 0aEmerging issues in dairy production and management in Himachal Pradesh /cHarbans Lal aNew Delhi :bIndian Council oF Social Science Research, c2016 a126 p. aIndian Council of Social Science Research aEnglish aAgriculture aDairy products cRP2ddc 001040718MRPaNASSDOCbNASSDOCd2022-01-04eGifted by: RP Division ICSSRl0oRL.0051p51976r2022-03-25 00:00:00yRP